000 00326 a2200145 4500
001 153470
040 _cEscola São Tomás de Aquino
100 _aGOMES, Dias
240 1 0 _aO Santo Inquérito
_lpor
245 1 0 _aO Santo Inquérito
362 0 _a2005
440 1 _aEdiouro
697 _aLITERATURA BRASILEIRA
942 _cBK
999 _c153470
_d153470